00781cam a22002057a 4500003000500000005001700005008004100022010001000063011001000073035001000083040000900093100003700102245014900139260004100288300005800329502011200387650001800499650002800517700003000545CHAP20220329141947.0981005d1998 mx a r 00110 spa d a76311 a77283 a86886 cCHAP00aRodríguez Arreguín, Adriana.13aEl concentrado de tuna (Opuntia spp.) como una alternativa :bsu mercado y costosc/por Adriana Rodríguez Arreguín y Mireya Alemán Morales aChapingo, Méx. :bEl autor,c1998. a99 h. :bilus. ; cuadros ; gráfs. ; tablas ; anexos aTesis (Ing. Agr. Esp. en Economía Agrícola) -- UACH. División de Ciencias Económico-Administrativas14aJugo de tuna.14aProductos concentrados.0 aAlemán Morales, Mireya.